书目信息 |
| 题名: |
植被定量遥感原理与应用
|
|
| 作者: | 刘良云 著 | |
| 分册: | ||
| 出版信息: | 北京 科学出版社 2014.06 |
|
| 页数: | 313页 | |
| 开本: | 20cm | |
| 丛书名: | ||
| 单 册: | ||
| 中图分类: | Q948.15 | |
| 科图分类: | ||
| 主题词: | 植物生态学 , 植物地理学 | |
| 电子资源: | ||
| ISBN: | 7-03-040841-1 | |
| 000 | 00601nam0 2200205 450 | |
| 001 | 1756265526 | |
| 005 | 20170410154954.10 | |
| 010 | @a7-03-040841-1@dCNY118.00 | |
| 100 | @a20170410d2014 km y0chiy0120 ea | |
| 101 | 0 | @achi |
| 102 | @aCN@b110000 | |
| 200 | 1 | @a植被定量遥感原理与应用@Azhi bei ding liang yao gan yuan li yu ying yong@f刘良云著@Fliu liang yun zhu |
| 210 | @a北京@c科学出版社@d2014.06 | |
| 215 | @a313页@d20cm | |
| 606 | 0 | @a植物生态学 |
| 606 | 0 | @a植物地理学 |
| 690 | @aQ948.15@v4 | |
| 701 | 0 | @a刘良云@Aliu liang yun@4著 |
| 801 | 0 | @aCN@bMUSE@c20170410 |
| 905 | @aMUSE@dQ948.15@eL648 | |
| 植被定量遥感原理与应用/刘良云著.-北京:科学出版社,2014.06 |
| 313页;20cm |
| ISBN 7-03-040841-1:CNY118.00 |
| ● |
| 相关链接 |
|
|
|
正题名:植被定量遥感原理与应用
索取号:Q948.15/L648
 
预约/预借
| 序号 | 登录号 | 条形码 | 馆藏地/架位号 | 状态 | 备注 |
| 1 | 1239379 | 212393792 | 测绘与城市空间信息学院资料室/ [索取号:Q948.15/L648] | 在馆 |